Album - Unorthodox Jukebox by Bruno Mars - Statistics

General Stats
  • This quiz has been taken 12 times
  • The average score is 8 of 10
Answer Stats
Songs % Correct
3 Gorilla
100%
2 Locked Out of Heaven
100%
4 Treasure
100%
6 When I Was Your Man
100%
7 Natalie
91%
1 Young Girls
73%
8 Show Me
64%
10 If I Knew
55%
9 Money Make Her Smile
45%
5 Moonshine
45%
No matching quizzes found
Score Distribution
Percent of People with Each Score
Percentile by Number Answered
Your Score History
You have not taken this quiz